<?xml version="1.0" encoding="UTF-8"?>
<record
    xmlns:xsi="http://www.w3.org/2001/XMLSchema-instance"
    xsi:schemaLocation="http://www.loc.gov/MARC21/slim http://www.loc.gov/standards/marcxml/schema/MARC21slim.xsd"
    xmlns="http://www.loc.gov/MARC21/slim">

  <leader>01244nam a2200241 a 4500</leader>
  <controlfield tag="001">40662</controlfield>
  <controlfield tag="003">BD-RjUL</controlfield>
  <controlfield tag="005">20211209053248.0</controlfield>
  <controlfield tag="008">160507r19821980bg ||||| |||| 00| 0 ben d</controlfield>
  <datafield tag="020" ind1=" " ind2=" ">
    <subfield code="c">TK.12.00</subfield>
  </datafield>
  <datafield tag="035" ind1=" " ind2=" ">
    <subfield code="a">(BD-RjUL)40777</subfield>
  </datafield>
  <datafield tag="040" ind1=" " ind2=" ">
    <subfield code="a">BD-RjUL</subfield>
    <subfield code="b">ben</subfield>
    <subfield code="c">BD-RjUL</subfield>
  </datafield>
  <datafield tag="041" ind1=" " ind2=" ">
    <subfield code="a">ben</subfield>
  </datafield>
  <datafield tag="082" ind1=" " ind2=" ">
    <subfield code="2">23</subfield>
    <subfield code="b">GIH 1982</subfield>
    <subfield code="a">297.648</subfield>
  </datafield>
  <datafield tag="100" ind1=" " ind2=" ">
    <subfield code="a">&#x997;&#x9BF;&#x9B2;&#x9BE;&#x9A8;&#x9C0;, &#x9B8;&#x9BE;&#x987;&#x9AF;&#x9BC;&#x9C7;&#x9A6; &#x9AE;&#x9BE;&#x9A8;&#x9BE;&#x99C;&#x9BF;&#x9B0; &#x986;&#x9B9;&#x9B8;&#x9BE;&#x9A8;</subfield>
    <subfield code="9">125102</subfield>
  </datafield>
  <datafield tag="245" ind1="1" ind2="0">
    <subfield code="a">&#x9B9;&#x9AF;&#x9B0;&#x9A4; &#x986;&#x9AC;&#x9C1;&#x99C;&#x9B0; &#x997;&#x9BF;&#x9AB;&#x9BE;&#x9B0;&#x9C0; (&#x9B0;&#x9BE;:) :</subfield>
    <subfield code="b">&#x99C;&#x9C0;&#x9AC;&#x9A8;&#x9C0; &#x993; &#x9A4;&#x9BE;&#x9B0; &#x985;&#x9B0;&#x9CD;&#x9A5;&#x9A8;&#x9C8;&#x9A4;&#x9BF;&#x995; &#x9AE;&#x9A4;&#x9AC;&#x9BE;&#x9A6; /</subfield>
    <subfield code="c">&#x9B8;&#x9BE;&#x987;&#x9AF;&#x9BC;&#x9C7;&#x9A6; &#x9AE;&#x9BE;&#x9A8;&#x9BE;&#x99C;&#x9BF;&#x9B0; &#x986;&#x9B9;&#x9B8;&#x9BE;&#x9A8; &#x997;&#x9BF;&#x9B2;&#x9BE;&#x9A8;&#x9C0; ; &#x985;&#x9A8;&#x9C1;&#x9AC;&#x9BE;&#x9A6; : &#x98F;.&#x9AC;&#x9BF;.&#x98F;&#x9AE;.&#x995;&#x9BE;&#x9AE;&#x9BE;&#x9B2;&#x989;&#x9A6;&#x9CD;&#x9A6;&#x9BF;&#x9A8; &#x9B6;&#x9BE;&#x9AE;&#x9C0;&#x9AE;</subfield>
  </datafield>
  <datafield tag="260" ind1=" " ind2=" ">
    <subfield code="a">&#x9A2;&#x9BE;&#x995;&#x9BE; :</subfield>
    <subfield code="b">&#x987;&#x9B8;&#x9B2;&#x9BE;&#x9AE;&#x9BF;&#x995; &#x9AB;&#x9BE;&#x989;&#x9A8;&#x9CD;&#x9A1;&#x9C7;&#x9B6;&#x9A8; &#x9AC;&#x9BE;&#x982;&#x9B2;&#x9BE;&#x9A6;&#x9C7;&#x9B6;,</subfield>
    <subfield code="c">&#x9E7;&#x9EF;&#x9EE;&#x9E8;</subfield>
  </datafield>
  <datafield tag="300" ind1=" " ind2=" ">
    <subfield code="a">[&#x9E7;&#x9EE;], &#x9E7;&#x9E8;&#x9EC; &#x9AA;&#x9C3;. ;</subfield>
    <subfield code="c">&#x9E8;&#x9E7; &#x9B8;&#x9C7;&#x9AE;&#x9BF;.</subfield>
  </datafield>
  <datafield tag="600" ind1=" " ind2=" ">
    <subfield code="a"> &#x997;&#x9BF;&#x9AB;&#x9BE;&#x9B0;&#x9C0; (&#x9B0;&#x9BE;:), &#x9B9;&#x9AF;&#x9B0;&#x9A4; &#x986;&#x9AC;&#x9C1;&#x99C;&#x9B0;</subfield>
    <subfield code="x">&#x99C;&#x9C0;&#x9AC;&#x9A8;&#x9C0;</subfield>
    <subfield code="9">125106</subfield>
  </datafield>
  <datafield tag="600" ind1=" " ind2=" ">
    <subfield code="c">Gifari, Hazrat Abudhar</subfield>
    <subfield code="x">Biography</subfield>
    <subfield code="9">125107</subfield>
  </datafield>
  <datafield tag="700" ind1=" " ind2=" ">
    <subfield code="a">&#x9B6;&#x9BE;&#x9AE;&#x9C0;&#x9AE;, &#x98F;.&#x9AC;&#x9BF;.&#x98F;&#x9AE;.&#x995;&#x9BE;&#x9AE;&#x9BE;&#x9B2;&#x989;&#x9A6;&#x9CD;&#x9A6;&#x9BF;&#x9A8;, &#x985;&#x9A8;&#x9C1;&#x9AC;&#x9BE;&#x9A6;&#x995;</subfield>
    <subfield code="9">125103</subfield>
  </datafield>
  <datafield tag="942" ind1=" " ind2=" ">
    <subfield code="2">ddc</subfield>
    <subfield code="c">BK</subfield>
  </datafield>
  <datafield tag="999" ind1=" " ind2=" ">
    <subfield code="c">40662</subfield>
    <subfield code="d">40662</subfield>
  </datafield>
  <datafield tag="952" ind1=" " ind2=" ">
    <subfield code="0">0</subfield>
    <subfield code="1">0</subfield>
    <subfield code="2">ddc</subfield>
    <subfield code="4">0</subfield>
    <subfield code="7">0</subfield>
    <subfield code="8">NFIC</subfield>
    <subfield code="a">RUCL</subfield>
    <subfield code="b">RUCL</subfield>
    <subfield code="c">Stack</subfield>
    <subfield code="d">1983-10-31</subfield>
    <subfield code="e">Islamic Foundation Bangladesh</subfield>
    <subfield code="g">0.00</subfield>
    <subfield code="l">0</subfield>
    <subfield code="o">B 297.648 GIH 1982</subfield>
    <subfield code="r">2016-05-07 00:00:00</subfield>
    <subfield code="t">C-2</subfield>
    <subfield code="w">2016-05-07</subfield>
    <subfield code="y">BK</subfield>
  </datafield>
</record>
